| 000 | 00553nam a2200217Ia 4500 | ||
|---|---|---|---|
| 003 | OSt | ||
| 005 | 20140311163115.0 | ||
| 008 | 140130s9999 xx 000 0 und d | ||
| 020 | _a0439686245 | ||
| 050 |
_aPZ 7 _b.Al456 2004 |
||
| 100 |
_aAlphonso, Sophie _923338 |
||
| 245 |
_aTrapped in space: _cSophie Alphonso. _bthe story of apollo 13 / |
||
| 260 |
_bScholastic, _c2004. _aNew York : |
||
| 300 |
_a40 p. : _bill. ; _c18 cm. |
||
| 440 |
_v1 _931174 |
||
| 521 | _aG3 | ||
| 526 | _c580 | ||
| 942 |
_cBK _2lcc |
||
| 999 |
_c40718 _d40718 |
||